Análisis económico de los planes de jubilación públicos (Registro nro. 30246)

Detalles MARC
000 -LEADER
fixed length control field 00341 a2200109 4500
001 - CONTROL NUMBER
control field ART_27813
005 - DATE AND TIME OF LATEST TRANSACTION
control field 20260410161949.0
008 - FIXED-LENGTH DATA ELEMENTS--GENERAL INFORMATION
fixed length control field 260409a
100 1# - MAIN ENTRY--PERSONAL NAME
Personal name Bellina Yrigoyen, Jorge E.
245 10 - TITLE STATEMENT
Title Análisis económico de los planes de jubilación públicos
773 0# - HOST ITEM ENTRY
Title Invenio
Related parts - Año 2, Nº 3 (jun. 1999)
Record control number REV27781

No hay ítems disponibles.